Nafsak / (Record no. 175983)

MARC details
000 -LEADER
campo de control de longitud fija 00602nam a22002175i 4500
001 - NÚMERO DE CONTROL
campo de control 175983
003 - IDENTIFICADOR DE NÚMERO DE CONTROL
campo de control ES-MaACL
005 - FECHA Y HORA DE LA ÚLTIMA TRANSACCIÓN
campo de control 20230906215946.0
008 - DATOS DE LONGITUD FIJA--INFORMACIÓN GENERAL
campo de control de longitud fija 101003s2010 sp |||| | spa d
020 ## - NÚMERO INTERNACIONAL ESTÁNDAR DEL LIBRO
Número Internacional Estándar del Libro 978-84-92560-47-9
080 ## - NÚMERO DE LA CLASIFICACIÓN DECIMAL UNIVERSAL
Número de la Clasificación Decimal Universal 821.134.2-14"19"
100 1# - ENTRADA PRINCIPAL--NOMBRE DE PERSONA
Nombre de persona Navarro Beloqui.
9 (RLIN) 144181
245 10 - MENCIÓN DEL TÍTULO
Título Nafsak /
Mención de responsabilidad, etc. Navarro Beloqui.
250 ## - MENCION DE EDICION
Mención de edición 1ª ed.
260 ## - PUBLICACIÓN, DISTRIBUCIÓN, ETC.
Lugar de publicación, distribución, etc. Colmenar Viejo (Madrid) :
Nombre del editor, distribuidor, etc. Amargord,
Fecha de publicación, distribución, etc. 2010.
300 ## - DESCRIPCIÓN FÍSICA
Extensión 48 p. ;
Dimensiones 19 cm.
490 1# - MENCIÓN DE SERIE
Mención de serie Helado de Mamey ;
Designación de volumen o secuencia 43
830 0# - PUNTO DE ACCESO ADICIONAL DE SERIE-TÍTULO UNIFORME
Título uniforme Helado de Mamey ;
Designación de volumen o secuencia 43
9 (RLIN) 189883
852 ## - LOCALIZACIÓN
Ubicación ES-MaACL
Número de control de estantería 2272-F-3
Holdings
Estatus retirado Estado de pérdida Estado de daño No para préstamo Colección Biblioteca de origen Biblioteca actual Ubicación en estantería Fecha de adquisición Fuente de adquisición Total de préstamos Signatura topográfica completa Código de barras Visto por última vez Precio de reemplazo Tipo de ítem Koha
        Colección de folletos Biblioteca del Ateneo de Madrid Biblioteca del Ateneo de Madrid Depósito folletos 03/12/2010     2272-F-3 1184807 23/02/2023 23/02/2023 Folleto